Statistics for TV Shows by Description

Click here to take the quiz!

General Stats

  • This quiz has been taken 152 times
  • The average score is 14 of 25

Answer Stats

DescriptionShow% Correct
A well known sitcom about a group of friends who live in New York and hang out in a coffee shop.Friends
90%
A post-apocalyptic world with a group of survivors who are just trying to live in a world full of 'walkers'.The Walking Dead
87%
A group of misfit teens form a group to sing and dance about their feelings, but also to win show choir competitions.Glee
85%
How a fast superhero came to be, and how he is now learning to deal with his powers and with being 'the fastest man alive'.The Flash
80%
A comedy about an extended family and their lives whilst living in the modern world.Modern Family
75%
A sitcom about some friends who like comic books and video games, and they work in a University.The Big Bang Theory
73%
Four teens keep receiving threatening text messages after their friend is found dead.Pretty Little Liars
71%
Many characters fight for the chance to rule over everyone. Also, they kill, have sex and get naked a lot.Game of Thrones
69%
Based off of a book series, a detective and his partner set out to solve crimes. A ridiculously short amount of episodes per season and really long breaks between seasons.Sherlock
67%
The story of how Superman's cousin is trying to balance her normal life and her super powers.Supergirl
67%
In a small town in Maine, characters from classic fairy tales are actually alive and real.Once Upon a Time
66%
People live in space, 100 kids get sent to Earth and the adults follow soon after.The 100
63%
A Marvel show about those who work in SHIELD. The Avengers are mentioned, but never actually show up in this show.Agents of Shield
62%
A story about Batman, before he actually became Batman.Gotham
60%
This show is about a group of FBI profilers who catch various criminals through behavioural profiling. The plot focuses on the personal lives of the characters as well as their work.Criminal Minds
59%
Each season apparently connects with each other, even though they are set in various time periods. There's a lot of murder, supernatural elements, and quite a bit of horror.American Horror Story
50%
An alien who is much older than he looks travels through time with various companions who always seem to die in the end.Doctor Who
45%
Several adult female friends live in a suburban neighbourhood whilst trying to deal with family life and domestic issues, and also quite a lot secrets and drama.Desperate Housewives
43%
Four men that have known each other since high school are now spending their days pranking each other in public.Impractical Jokers
41%
Girls in a sorority are slowing being murdered by one of their own.Scream Queens
40%
A children's show about babies that get up to more mischief than babies should.Rugrats
37%
There are many seasons about various contestants that travel around the world to win a big prize at the end.The Amazing Race
32%
A spin-off show which centres more on how the apocalypse actually started.Fear the Walking Dead
28%
Two kids were chosen to be superheroes, and now they protect Paris whilst being sort of secretly in love with each other.Miraculous Ladybug
20%
A show from the 60s about five brothers that help people from disastrous situations all around the world, but it is a secret to the world as to who they really are.Thunderbirds
4%

Score Distribution

Percentile by Number Answered

Percent of People with Each Score

Your Score History

You have not taken this quiz